00533 2200181 4500001002100000005001700021008004100038020001800079035002500097090001800122245005200140260006000192300002500252650002500277700002000302850001200322990001700334YOGYA-0209000000024220150527153057.0 ind  a84-96099-31-8 a0010-020900000000242 aR 747.78bEve aEVERYTHING for bathroomsceditor Patricia Bueno a[S.l.]bAtrium group de ediciones y publicacionesc2004 a287 hlmbilusc24 cm aDekorasi kamar mandi aBueno, Patricia aYOPDYOG a2859-pd/p.04